| 000 -LEADER |
| fixed length control field |
00356nam a2200145 4500 |
| 003 - CONTROL NUMBER IDENTIFIER |
| control field |
OSt |
| 005 - DATE AND TIME OF LATEST TRANSACTION |
| control field |
20210628130325.0 |
| 008 - FIXED-LENGTH DATA ELEMENTS--GENERAL INFORMATION |
| fixed length control field |
210628b ||||| |||| 00| 0 eng d |
| 020 ## - INTERNATIONAL STANDARD BOOK NUMBER |
| International Standard Book Number |
9788968010743 |
| 082 ## - DEWEY DECIMAL CLASSIFICATION NUMBER |
| Classification number |
721.822 |
| 100 ## - MAIN ENTRY--PERSONAL NAME |
| Personal name |
Jinyoun no |
| 245 ## - TITLE STATEMENT |
| Title |
Architectural element : 1. Entrance |
| 260 ## - PUBLICATION, DISTRIBUTION, ETC. (IMPRINT) |
| Place of publication, distribution, etc |
korea |
| Name of publisher, distributor, etc |
DAMDI Publishing House |
| Date of publication, distribution, etc |
2018 |
| 942 ## - ADDED ENTRY ELEMENTS (KOHA) |
| Source of classification or shelving scheme |
|